000 01424cam a2200397Ma 4500
001 ocn794717178
003 OCoLC
005 20230307103601.0
008 090911s2011 enk d 000 0 eng d
010 _a 2009037931
020 _a9780203855393
_q(ebk)
020 _a9780415434331
_q(paperback)
020 _a0203855396
_q(ebk)
020 _a9780415434348
_q(hbk. ;
_qalk. paper)
020 _a0415434343
_q(hbk. ;
_qalk. paper)
035 _a(OCoLC)794717178
040 _aLVB
_bfre
_cTZ-ArACH
041 0 _apor
_aeng
049 _aTZAA
050 0 0 _aREF PC5333
_b.A59 2011
100 1 _aAllen, Maria Fernanda.
245 1 4 _aRoutledge Portuguese bilingual dictionary : Portuguese-English and English-Portuguese
_bPortuguese-English and English-Portuguese /
_cMaria F. Allen.
246 3 0 _aPortuguese bilingual dictionary
250 _a1st ed.
260 _aMilton Park, Abingdon ;
_aNew York :
_bRoutledge,
_c2011.
300 _axxiii, 753 p. ;
_c21 cm
650 6 _aPortugais (Langue)
_vDictionnaires anglais.
650 6 _aAnglais (Langue)
_vDictionnaires portugais.
650 0 _aEnglish language
_vDictionaries
_xPortuguese.
650 0 _aPortuguese language
_vDictionaries
_xEnglish.
650 4 _aanglais (langue)
_xportugais (langue)
_v[dictionnaire multilingue]
650 7 _aEnglish language.
_2fast
650 7 _aPortuguese language.
_2fast
655 7 _aDictionaries.
_2fast
942 _2lcc
_cBOOK
999 _c4035
_d4035